| 000 | 00635nam a2200229 a 4500 | ||
|---|---|---|---|
| 001 | BRCA_5907 | ||
| 005 | 20190320205247.0 | ||
| 008 | 180311s1908----gw-a######---#000-0#ger-# | ||
| 041 | _ager | ||
| 044 | _agw | ||
| 050 | 4 |
_aNK7485 _b.B63 1908 |
|
| 100 | 1 |
_aBock, Hermann _914939 |
|
| 245 | 1 | 0 |
_aDie Uhr _bGrundlagen und Technik der Zeitmessung _cvon Reg. Bauführer a. D. H. Bock. |
| 260 |
_aLeipzig _bB. G. Teubner _c1908 |
||
| 300 |
_aiv, 136 p. _bil. _c19 cm. |
||
| 440 | 0 |
_aAus Natur und Geisteswelt _v216 _914940 |
|
| 500 | _aG59 | ||
| 650 | 1 | 4 |
_aRelojes _92227 |
| 650 | 1 | 4 |
_aCronometría _913408 |
| 902 | _aGFM | ||
| 942 |
_2lcc _cB |
||
| 999 |
_c5596 _d5596 |
||